000 00729nmc a2200289 a 4500
003 AR-BaBNM
005 20251128211527.0
008 034120s2003 ||||||||||||||000 | spa||
020 _a950-07-1738-7
040 _cAR-BaBNM
100 1 _aPalermo, Miguel Angel
245 1 0 _aLo que cuentan los mapuches
250 _a3ª ed.
260 _aBuenos Aires
_bSudamericana
_c2003
300 0 _a62 p.
_bil.
490 0 _aCuentamérica
650 4 _aLITERATURA ARGENTINA
650 4 _aCUENTOS
650 4 _aLIBROS PARA NINOS
650 4 _aLITERATURA INFANTIL
650 4 _aLITERATURA FOLKLORICA
655 _aLITERATURA
700 1 _aRojas, María
_eilustrador
800 0 _aCanela
942 _cBK
998 _cEugenia
999 _c20037
_d20037